Evolución

Saved in:
書目詳細資料
Main Authors: Mayr, Ernst (autor), Ayala, Francisco (Author), Dickerson, Richard Earl (Author), Schopf, J. William (Author), Valentine, James W (Author), Prevosti, Antonio (Author), Washburn, Sherwood L (Author), Lewontin, Richard C (Author), Fontdevila, Antonio (Author)
其他作者: May, Robert M. (autor), Smith, John Maynard (autor)
格式: 圖書
語言:西班牙语
出版: Barcelona Labor 1982
版:2a. ed
叢編:Libros de Investigación y Ciencia
主題:
標簽: 添加標簽
沒有標簽, 成為第一個標記此記錄!

MARC

LEADER 00000nam a2200000 a 4500
001 UCU8002
003 CL-VaPUC
008 960712e19820000SP |||||||||||||||||spa|d
082 0 4 |a 575.01  |b MAY  |2 21 
100 |a Mayr, Ernst  |e autor  |9 599849 
700 |a Ayala, Francisco  |e author  |9 466127 
700 0 |a Dickerson, Richard Earl  |e author  |9 367177 
700 0 |a Schopf, J. William  |e author  |9 367178 
700 0 |a Valentine, James W  |e author  |9 367179 
700 0 |a Prevosti, Antonio  |e author  |9 367180 
700 |a May, Robert M.  |e autor  |9 429988 
700 |a Smith, John Maynard  |e autor  |9 429989 
700 0 |a Washburn, Sherwood L  |e author  |9 367183 
700 |a Lewontin, Richard C  |e author  |9 478973 
700 0 |a Fontdevila, Antonio  |e author  |9 367185 
245 1 0 |a Evolución 
250 |a 2a. ed 
300 |a 173 p 
942 |c BK 
945 |d 19960712 00:00:00  |a paguirre 
260 |a Barcelona  |b Labor  |c 1982 
650 0 |a Evolución  |9 259442 
650 0 |a Biología  |9 262022 
650 0 |a Herencia  |9 256325 
650 0 |a Adaptación biológica   |9 337262 
583 |a last modification  |c 19960712 00:00:00  |k Rodrigo Vera 
490 0 |a Libros de Investigación y Ciencia 
999 |c 250539  |d 250537 
952 |0 0  |1 0  |4 0  |6 575_010000000000000_MAY_1982  |7 0  |8 A  |9 268714  |a BIBING  |b BIBING  |d 2019-11-19  |i 1707396  |o 575.01 MAY 1982  |p 1707396  |r 2025-01-20  |w 2019-11-19  |y BK  |k ING